El desierto rojo (Registro nro. 58914)

Detalles MARC
000 -ENCABEZADO
Número de control [NR] 01790nam a2200289Ia 4500
005 - FECHA Y HORA DE LA ÚLTIMA TRANSACCIÓN
control field 20140410171917.0
008 - DE LONGITUD FIJA DE DATOS DE ELEMENTOS - INFORMACIÓN GENERAL
Elementos de longitud fija [NR] 130821s1964 xx a gs spa
040 ## - FUENTE DE CATALOGACION [NR]
Agencia de catalogación original [NR] Co-BoUCM
Idioma de catalogación [NR] spa
041 00 - CODIGO DE IDIOMA [R]
Código de idioma para texto/pista de sonido o título separado [R] Español
092 ## - SIGNATURA TOPOGRAFICA LOCAL
Número de clasificación local DVD 0369
245 13 - MENCION DE TITULO [NR]
Título [NR] El desierto rojo
Mención de responsabilidad, etc. [NR] [DVD]
260 ## - PUBLICACION, DISTRIBUCION, ETC. (PIE DE IMPRENTA) [R]
Lugar de publicación, distribución, etc. [R] [Lugar desconocido]
Nombre del editor, distribuidor, etc. [R] Suevia Films
Fecha de publicación, distribución, etc. [R] 1964
300 ## - DESCRIPCION FISICA [R]
Extensión [R] 1 DVD
Otros detalles físicos [NR] son., color
500 ## - NOTA GENERAL [R]
Nota general [NR] SINOPSIS : Giuliana, la mujer del propietario de la fábrica de Rávena, después de sufrir un grave accidente de coche, comienza a percibir la ciudad en que vive como un desierto tanto en el plano físico como en el de las relaciones entre personas. Las secuelas psicológicas le impiden llevar una vida normal y relacionarse con la gente que le rodea. Zeller, un ingeniero que trabaja para su marido, se aprovechará de su débil situación.
508 ## - NOTA DE CREDITOS DE CREACION/PRODUCCION [R]
Nota de créditos de creación/producción [NR] CREDITOS : Director, Michelangelo Antonioni; Productor, Antonio Cervi; Guión, Michelangelo Antonioni, Tonino Guerra; Fotografía, Carlo Di Palma; Música, Giovanni Fusco, Vittorio Gelmetti.
511 ## - NOTA DE PARTICIPANTE O INTERPRETE [R]
Nota de participante o intérprete [NR] Aldo Grotti, Beppe Conti, Bruno Borghi, Carlo Chionetti, Emanuela Paola Carboni, Giovanni Lolli, Giuliano Missirini, Hiram Mino Madonia, Julio Cotignoli, Lili Rheims, Monica Vitti, Richard Harris, Rita Renoir, Valerio Bartoleschi, Xenia Valderi.
546 ## - NOTA DE IDIOMA [R]
Nota de idioma [NR] Audio en Italiano. Subtítulos en Español.
650 04 - ASIENTO SECUNDARIO DE MATERIA - TERMINO TEMATICO [R]
Término temático o nombre geográfico como elemento de entrada [NR] Entretenimiento
9 (RLIN) 26487
650 04 - ASIENTO SECUNDARIO DE MATERIA - TERMINO TEMATICO [R]
Término temático o nombre geográfico como elemento de entrada [NR] Películas cinematográficas
Subdivisión geográfica [R] Italia
Subdivisión de forma [R] DVD
9 (RLIN) 7903
650 04 - ASIENTO SECUNDARIO DE MATERIA - TERMINO TEMATICO [R]
Término temático o nombre geográfico como elemento de entrada [NR] Psicología
9 (RLIN) 8001
650 04 - ASIENTO SECUNDARIO DE MATERIA - TERMINO TEMATICO [R]
Término temático o nombre geográfico como elemento de entrada [NR] Trastornos mentales en el cine
Subdivisión de forma [R] DVD
9 (RLIN) 25787
700 ## - ASIENTO SECUNDARIO - NOMBRE PERSONAL [R]
Nombre personal [NR] Antonioni, Michelangelo
Fechas asociadas con el nombre [NR] 1912-2007-
Término de relación [R]
710 ## - ASIENTO SECUNDARIO - NOMBRE CORPORATIVO [R]
Nombre corporativo o de jurisdicción como elemento de entrada [NR] Suevia Films
765 #3 - ASIENTO DE IDIOMA ORIGINAL [R]
Asiento principal [NR] Il deserto rosso
856 04 - LOCALIZACION Y ACCESO ELECTRONICOS [R]
Identificador Uniforme del Recurso (“URI”) [R] <a href="http://www.youtube.com/watch?v=1P-Yz0LWObY">http://www.youtube.com/watch?v=1P-Yz0LWObY</a>
Nota dirigida al público [R] Siga este vínculo para ver el trailer.
942 ## - ELEMENTOS DE ENTRADA AGREGADOS (KOHA)
Tipo de ítem principal el descrito en 300a Multimedia
Sistema de clasificación LOCAL
Tema principal Psicología
Edición 1
Existencias
Fecha de último préstamo Total préstamos Código de barras Última vez visto Volúmen / Fascículo Ejemplar Price effective from Tipo de ítem Perdido Sistema de clasificación Dañado No prestable Tipo de ítem específico Suprimido Ubicación habitual Ubicación actual Localización Fecha de creación Forma de adquisición Costo Total Renewals
11/10/2012 1 100094399 03/12/2025 DVD 0369 Ej.1 03/02/2013 Multimedia   DEWEY   Préstamo restringido DVD   Procesos Técnicos Procesos Técnicos (no para préstamo) Procesos Técnicos 19/02/2013 Compra 199000.00  
25/09/2019 37 100096139 12/12/2025 DVD 0369 Ej.2 03/02/2013 Multimedia   DEWEY     DVD   Quinta de Mutis Quinta de Mutis Colección digital 19/02/2013 Donación 26000.00 4